| 000 | 00547nam a2200169Ia 4500 | ||
|---|---|---|---|
| 003 | GCL | ||
| 008 | 140319s9999 xx 000 0 ara d | ||
| 040 |
_aGCL / _cGCL |
||
| 082 | 0 | 4 |
_a377.1 _bم ج |
| 100 | 1 | _aمحمد عبدالقادر احمد عطا | |
| 245 | 1 | 0 |
_aالجديد فى تعليم التربية الاسلامية / _cمحمد عبدالقادر احمد عطا |
| 260 |
_a[S.N] : _bمكتبة النهضة المصرية ، _c1998 |
||
| 300 | _a81 | ||
| 490 | _a | ||
| 650 | 0 | 4 | _aالتعليم الدينى |
| 942 |
_2ddc _cBK |
||
| 999 |
_c53670 _d53670 |
||